[Event "Poznan op"]
[Site "Poznan"]
[Date "1996.??.??"]
[Round "8"]
[White "Dabek, Marek"]
[Black "Joachimiak, S."]
[Result "1/2-1/2"]
[WhiteElo "2085"]
[BlackElo "1800"]
[PlyCount "93"]
[EventDate "1996.??.??"]
[EventType "swiss"]
[EventRounds "9"]
[EventCountry "POL"]
[SourceTitle "EXT 2006"]
[Source "ChessBase"]
[SourceDate "2005.11.24"]
[SourceVersion "1"]
[SourceVersionDate "2005.11.24"]
[SourceQuality "1"]

1. e4 c5 2. Nf3 e6 3. c3 Nf6 4. d3 d5 5. exd5 exd5 6. d4 cxd4 7. Nxd4 Be7 8. Bd3 0-0 9. 0-0 Nc6 10. Nf5 Bxf5 11. Bxf5 Qd6 12. Qf3 Ne5 13. Qf4 Ng6 14. Qxd6 Bxd6 15. Be3 Ne7 16. Bh3 Nc6 17. Nd2 Rfe8 18. Nf3 Rad8 19. Rad1 Ne4 20. g3 Bc5 21. Nd4 Nxd4 22. Bxd4 Bxd4 23. Rxd4 Nf6 24. Rb4 b6 25. Rd1 Rd6 26. Bg2 Kf8 27. h3 h6 28. f4 g5 29. Kf2 Rde6 30. Rd2 Ne4+ 31. Bxe4 dxe4 32. Rd5 gxf4 33. gxf4 e3+ 34. Ke2 Rg6 35. Re5 Rxe5 36. fxe5 Rg3 37. h4 Ke7 38. b3 Ke6 39. Re4 Kf5 40. Rxe3 Rxe3+ 41. Kxe3 Kxe5 42. c4 a5 43. a3 h5 44. b4 axb4 45. axb4 f5 46. Kd3 f4 47. c5 1/2-1/2

[Event "Poznan op"]
[Site "Poznan"]
[Date "1996.??.??"]
[Round "9"]
[White "Joachimiak, S."]
[Black "Dajlidko, Jurij"]
[Result "0-1"]
[WhiteElo "1800"]
[BlackElo "2000"]
[PlyCount "100"]
[EventDate "1996.??.??"]
[EventType "swiss"]
[EventRounds "9"]
[EventCountry "POL"]
[SourceTitle "EXT 2006"]
[Source "ChessBase"]
[SourceDate "2005.11.24"]
[SourceVersion "1"]
[SourceVersionDate "2005.11.24"]
[SourceQuality "1"]

1. e4 d5 2. exd5 Nf6 3. d4 Nxd5 4. c4 Nb6 5. Nc3 Bf5 6. Qf3 Bd7 7. Be3 e6 8. Qd1 Bb4 9. Rc1 0-0 10. Nf3 Na6 11. Be2 Na4 12. Qb3 c5 13. 0-0 Qe8 14. Nb5 cxd4 15. Bxd4 N4c5 16. Qc2 Ba5 17. a3 e5 18. Bxc5 Nxc5 19. b4 e4 20. Nfd4 Nd3 21. bxa5 Nxc1 22. Rxc1 Qe5 23. Rd1 Rfd8 24. Nb3 e3 25. Bd3 a6 26. N5d4 Ba4 27. Nf3 exf2+ 28. Kxf2 Qh5 29. Be4 Bxb3 30. Rxd8+ Rxd8 31. Qxb3 Qxa5 32. Qxb7 Qc5+ 33. Kg3 Qxc4 34. Qb6 Qc8 35. Qb7 Qe6 36. Qc6 Qe7 37. Qb7 Qxa3 38. Qb6 Qe7 39. Qb7 Qd6+ 40. Kf2 a5 41. Qb5 Qc7 42. Qc6 Qa7+ 43. Ke2 a4 44. Ne5 Qd4 45. Nf3 Qb2+ 46. Qc2 Qxc2+ 47. Bxc2 a3 48. Bb3 Ra8 49. Ba2 Rb8 50. Nd2 Rb2 0-1

[Event "Poznan op"]
[Site "Poznan"]
[Date "1996.??.??"]
[Round "3"]
[White "Joachimiak, S."]
[Black "Owczarzak, P."]
[Result "1-0"]
[WhiteElo "1800"]
[BlackElo "1800"]
[PlyCount "100"]
[EventDate "1996.??.??"]
[EventType "swiss"]
[EventRounds "9"]
[EventCountry "POL"]
[SourceTitle "EXT 2006"]
[Source "ChessBase"]
[SourceDate "2005.11.24"]
[SourceVersion "1"]
[SourceVersionDate "2005.11.24"]
[SourceQuality "1"]

1. e4 e6 2. d4 a6 3. Nf3 b5 4. Bd3 Bb7 5. Qe2 c5 6. c3 Be7 7. Nbd2 Nf6 8. h4 Nc6 9. a4 c4 10. Bc2 Qa5 11. Nf1 Rc8 12. Ng3 b4 13. Bd2 b3 14. Bb1 Nb8 15. Bg5 d6 16. Nd2 d5 17. e5 Nfd7 18. Bxe7 Kxe7 19. Nh5 g6 20. Nf4 Nb6 21. h5 Rcg8 22. Qg4 Nc6 23. Qg5+ Kd7 24. Qf6 Nd8 25. hxg6 fxg6 26. Nxg6 hxg6 27. Rxh8 Rxh8 28. Qxh8 Nc8 29. Qg7+ Ne7 30. Bxg6 Bc6 31. g4 Bxa4 32. f4 Ndc6 33. f5 Nxd4 34. cxd4 c3 35. f6 cxd2+ 36. Kf2 Qb6 37. Qxe7+ Kc8 38. Qc5+ Qxc5 39. dxc5 Kd7 40. Ke2 Bb5+ 41. Kxd2 Kd8 42. Bd3 Bd7 43. g5 Ke8 44. g6 Kf8 45. Rxa6 d4 46. Ra8+ Be8 47. g7+ Kf7 48. Rxe8 Kxe8 49. g8Q+ Kd7 50. Bb5+ Kc7 1-0